Biggest Football Stadiums in Italy - Statistics

General Stats
  • This quiz has been taken 23 times
  • The average score is 8 of 20
Answer Stats
Capacity Stadium % Correct
80,018 San Siro
100%
70,634 Stadio Olimpico
90%
41,570 Juventus Stadium
81%
54,726 Stadio Diego Armando Maradona
76%
43,147 Stadio Artemio Franchi
57%
33,205 Stadio Luigi Ferraris
57%
36,349 Stadio Renzo Barbera
43%
58,270 Stadio San Nicola
43%
39,371 Stadio Marc'Antonio Bentegodi
38%
38,279 Stadio Renato Dall'Ara
38%
27,958 Stadio Olimpico Grande Torino
33%
31,300 Stadio Arechi
29%
31,533 Stadio Via del Mare
29%
27,584 Stadio Erasmo Iacovone
14%
27,543 Stadio Oreste Granillo
14%
28,000 Stadio Renato Curi
14%
38,772 Stadio San Filippo
14%
30,000 Stadio Flaminio
10%
32,420 Stadio Nereo Rocco
10%
32,336 Stadio Euganeo
5%
No matching quizzes found
Score Distribution
Percent of People with Each Score
Percentile by Number Answered
Your Score History
You have not taken this quiz